| 000 -LEADER |
| fixed length control field |
00586nam a2200169Ia 4500 |
| 008 - FIXED-LENGTH DATA ELEMENTS--GENERAL INFORMATION |
| fixed length control field |
190719s9999||||xx |||||||||||||| ||und|| |
| 020 ## - INTERNATIONAL STANDARD BOOK NUMBER |
| International Standard Book Number |
9789280116281 |
| Terms of availability |
£ 20.00 |
| 040 ## - CATALOGING SOURCE |
| Original cataloging agency |
IMU Kochi |
| 082 04 - DEWEY DECIMAL CLASSIFICATION NUMBER |
| Classification number |
623.890911 |
| Item number |
In858 |
| 110 ## - MAIN ENTRY--CORPORATE NAME |
| Corporate name or jurisdiction name as entry element |
International Maritime Organization |
| 245 #0 - TITLE STATEMENT |
| Title |
POLAR Code : International code for ships operating in Polar waters / |
| Statement of responsibility, etc. |
International Maritime Organization |
| 250 ## - EDITION STATEMENT |
| Edition statement |
2016 ed. |
| 260 ## - PUBLICATION, DISTRIBUTION, ETC. |
| Place of publication, distribution, etc. |
London : |
| Name of publisher, distributor, etc. |
International Maritime Organization , |
| Date of publication, distribution, etc. |
2016 |
| 300 ## - PHYSICAL DESCRIPTION |
| Extent |
v, 76 p. |
| Dimensions |
; 21 cm. |
| 650 ## - SUBJECT ADDED ENTRY--TOPICAL TERM |
| Topical term or geographic name entry element |
Ice navigation |
| General subdivision |
Law and legislation |
| 942 ## - ADDED ENTRY ELEMENTS (KOHA) |
| Source of classification or shelving scheme |
|
| Koha item type |
Books |